[Event "Tata Steel-A 80th"]
[Site "Wijk aan Zee"]
[Date "2018.01.13"]
[Round "1"]
[White "Jones, Gawain C B"]
[Black "Karjakin, Sergey"]
[Result "1/2-1/2"]
[WhiteElo "2640"]
[BlackElo "2753"]
[Annotator "Fernandez,D"]
[PlyCount "72"]
[EventDate "2018.01.13"]
[EventType "tourn"]
[EventRounds "13"]
[EventCountry "NED"]
[EventCategory "20"]
[SourceTitle "CBM 183"]
[Source "ChessBase"]
[SourceDate "2018.03.14"]
[SourceVersion "1"]
[SourceVersionDate "2018.03.14"]
[SourceQuality "1"]

1. e4 {[%emt 0:00:00]} e5 {[%emt 0:00:00]} 2. Nf3 {[%emt 0:00:00]} Nc6 {
[%emt 0:00:00]} 3. Bc4 {[%emt 0:00:00]} Bc5 {[%emt 0:00:00]} 4. c3 {[%emt 0:00:
00]} Nf6 {[%emt 0:00:00]} 5. d4 {[%emt 0:00:00]} exd4 {[%emt 0:00:00]} 6. cxd4
{[%emt 0:00:00]} Bb4+ {[%emt 0:00:00]} 7. Bd2 {[%emt 0:00:00]} (7. Nc3 {
is the 'main line' I was taught as a kid, but it has a number of problems.}
Nxe4 8. O-O Bxc3 9. d5 Ne5 (9... Bf6 {becomes needlessly messy, e.g.} 10. Re1
Ne7 11. Rxe4 d6 12. Bg5 Bxg5 13. Nxg5 O-O 14. Nxh7 $11 {and Black must be
precise to draw}) 10. bxc3 Nxc4 11. Qd4 O-O $1 12. Qxc4 Nd6 13. Qf4 b6 $11 {
White faces all the practical problems in this ending as his compensation does
not take the form of a real attack on the king.}) 7... Bxd2+ {[%emt 0:00:00]}
8. Nbxd2 {[%emt 0:00:00]} d5 {[%emt 0:00:00]} 9. exd5 {[%emt 0:00:00]} Nxd5 {
[%emt 0:00:00]} 10. Qb3 {[%emt 0:00:00] Here, Black's third most common move,
other than the two he played, is actually to agree a draw.} Na5 {[%emt 0:00:00]
} (10... Be6 {is a slightly entertaining gambit line}) 11. Qa4+ {[%emt 0:00:00]
} Nc6 {[%emt 0:00:00]} 12. Qb3 {[%emt 0:00:00]} Nce7 {[%emt 0:00:00] My
feeling is that this optimism is maybe a bit misplaced, and Black soon ends up
a little worse as his position is after all a bit more difficult to play.} 13.
O-O {[%emt 0:00:00]} O-O {[%emt 0:00:00]} 14. Rfe1 {[%emt 0:00:00]} c6 {
[%emt 0:13:46]} 15. Ne4 {[%emt 0:00:00]} Nb6 {[%emt 0:08:14]} (15... a5 16. Ne5
f6 $11 {is the engine suggestion but you have to be reasonably sure of
yourself to cue up White's future Ne6 motifs.}) 16. Bd3 {[%emt 0:00:11]} Ned5 {
[%emt 0:03:42]} 17. Nc5 {[%emt 0:09:10] This was the position on the board
when I began my game in the 4NCL (British chess league.) Shortly before
leaving my room, I noted down a prediction - White to win here. It does indeed
look slightly more pleasant, but of course IQP positions are always hard to
play.} Nf6 {[%emt 0:06:29]} 18. Rac1 {[%emt 0:08:23]} Rb8 {[%emt 0:05:37] When
you play such moves, you must ipso facto be slightly worse. Finding a plan for
White is, however, not totally trivial.} 19. Qa3 {[%emt 0:09:00]} ({One of my
best ideas in the position, I think, is to try and exploit the position of the
Black rook by means of a cumbersome-looking 'queen lift'.} 19. Qb4 $5 Nfd5 {
If this isn't played now or next, the White queen gets to f4.} 20. Qd2 Nd7 21.
Nb3 $14 {Black still lacks ways to complete his development.}) 19... a6 {
[%emt 0:03:18]} 20. Qb3 {[%emt 0:05:49]} Qc7 {[%emt 0:03:04]} 21. Ne4 {[%emt 0:
10:44]} (21. Ne5 $14 {was another relatively easy move to make, with the idea
of Qd1-f3 and (if allowed) Bc2-b3! Black also lacks ...Rd8 due to a rather
cheap tactic.}) 21... Nfd5 {[%emt 0:01:10]} 22. Nc3 {[%emt 0:09:34]} Qd6 {
[%emt 0:03:44]} 23. Be4 {[%emt 0:16:28]} Bg4 $1 {[%emt 0:03:51] Black has now
completely equalised.} 24. Nxd5 {[%emt 0:02:29]} (24. Ne5 Be6 25. Bxd5 Nxd5 26.
Ne4 {looks tactically tricky, but Black's defences are all in place after} Qd8
27. Nc5 Re8 $11) 24... cxd5 {[%emt 0:00:07]} 25. Bb1 {[%emt 0:00:36]} Bxf3 {
[%emt 0:01:02] Now White lacks the dynamism he would need to try and win, and
in fact if Black could get his knight to c6 he could try something. A few more
good-enough moves and peace broke out.} 26. Qxf3 {[%emt 0:00:09]} Rfe8 {
[%emt 0:01:10]} 27. Qc3 {[%emt 0:05:38]} g6 {[%emt 0:00:51]} 28. Bd3 {[%emt 0:
02:05]} Kg7 {[%emt 0:21:44]} 29. g3 {[%emt 0:02:43]} Rbc8 {[%emt 0:02:11]} 30.
Rxe8 {[%emt 0:03:03]} Rxe8 {[%emt 0:00:44]} 31. Qb3 {[%emt 0:02:20]} Re7 {
[%emt 0:03:18]} 32. Bf1 {[%emt 0:04:18]} Qf6 {[%emt 0:03:31]} 33. Qb4 {[%emt 0:
01:05]} Re4 {[%emt 0:00:43]} 34. Rd1 {[%emt 0:01:47]} Re7 {[%emt 0:02:48]} 35.
Rc1 {[%emt 0:00:36]} Re4 {[%emt 0:00:23]} 36. Rd1 {[%emt 0:00:08]} Re7 {
[%emt 0:00:03]} 1/2-1/2

[Event "Tata Steel-A 80th"]
[Site "Wijk aan Zee"]
[Date "2018.01.13"]
[Round "1"]
[White "So, Wesley"]
[Black "Mamedyarov, Shakhriyar"]
[Result "1/2-1/2"]
[WhiteElo "2792"]
[BlackElo "2804"]
[Annotator "Fernandez,D"]
[PlyCount "57"]
[EventDate "2018.01.13"]
[EventType "tourn"]
[EventRounds "13"]
[EventCountry "NED"]
[EventCategory "20"]
[SourceTitle "CBM 183"]
[Source "ChessBase"]
[SourceDate "2018.03.14"]
[SourceVersion "1"]
[SourceVersionDate "2018.03.14"]
[SourceQuality "1"]

1. e4 {[%emt 0:00:00]} c5 {[%emt 0:00:00]} 2. Nf3 {[%emt 0:00:00]} Nf6 $5 {
[%emt 0:00:00] This is another exceedingly rare guest in elite practice.} 3. e5
{[%emt 0:00:00]} Nd5 {[%emt 0:00:00]} 4. Nc3 {[%emt 0:00:00]} e6 {[%emt 0:00:
00]} 5. Nxd5 {[%emt 0:00:00]} exd5 {[%emt 0:00:00]} 6. d4 {[%emt 0:00:00]} Nc6
{[%emt 0:00:00]} 7. dxc5 {[%emt 0:06:35]} Bxc5 {[%emt 0:00:00]} 8. Bd3 {
[%emt 0:03:01] I'm not surprised Wesley So decided to avoid the absolutely
most critical continuation and try for a positional edge, but I'm not sure
what Black's prep could have been.} (8. Qxd5 $1 {is critical, and I was once
privileged to watch a sharp line being played at a neighbouring board.} d6 (
8... Qb6 $6 9. Bc4 Bxf2+ 10. Ke2 O-O 11. Rf1 Bc5 12. Ng5 Nxe5 13. Nxf7 Nxf7 14.
Rxf7 Qe6+ 15. Qxe6 dxe6 16. Rxf8+ Kxf8 17. Bf4 $14 {Tan,J-Bach,M Helsingor
2015, among others.}) 9. exd6 Qb6 10. Be3 $5 (10. Qe4+ Be6 11. Qh4 Bxd6 12. Bd3
$14 {is safer}) 10... Qxb2 11. Bb5 $1 $14 {White retains an extra pawn against
best play.}) 8... d6 {[%emt 0:00:00]} 9. exd6 {[%emt 0:00:06]} Qxd6 {[%emt 0:
00:00]} 10. O-O {[%emt 0:00:23]} O-O {[%emt 0:00:00]} 11. Re1 {[%emt 0:04:45]}
h6 {[%emt 0:00:00]} 12. h3 {[%emt 0:09:25]} Bd7 {[%emt 0:04:58]} 13. Be3 {
[%emt 0:02:15] Presumably, Wesley So had in mind some idea of occupying the
d4-square when he made his 8th move, but it is not possible to execute unless
Black helpfully trades the bishops. With a move such as the one played Black
keeps equality.} d4 {[%emt 0:03:53]} (13... b6 $6 14. c3 Rfe8 15. Qd2 $14) 14.
Bd2 {[%emt 0:00:39]} Rfe8 {[%emt 0:01:56]} 15. a3 {[%emt 0:04:45]} Qd5 {
[%emt 0:06:46][%cal Gd7f5] Thematically playing for ...Bf5.} 16. b4 {[%emt 0:
02:04]} Bd6 {[%emt 0:07:35]} 17. c4 {[%emt 0:18:57]} dxc3 {[%emt 0:00:36]} 18.
Rxe8+ {[%emt 0:00:43]} Rxe8 {[%emt 0:09:54]} 19. Bxc3 {[%emt 0:00:17]} Be6 {
[%emt 0:00:17]} 20. Be4 {[%emt 0:11:07]} Qxe4 {[%emt 0:03:09]} 21. Qxd6 {
[%emt 0:00:21]} Qc2 {[%emt 0:00:22]} 22. Qd2 {[%emt 0:03:26] Instead of
playing this move it is also possible to offer a draw immediately.} Qxd2 {
[%emt 0:00:19]} 23. Nxd2 {[%emt 0:00:18]} Rd8 {[%emt 0:00:06]} 24. Re1 {
[%emt 0:05:57]} Nd4 {[%emt 0:02:25]} 25. a4 {[%emt 0:00:42]} Nc2 {[%emt 0:02:
59]} 26. Rc1 {[%emt 0:00:33]} Nd4 {[%emt 0:08:26]} 27. Re1 {[%emt 0:00:16]} Nc2
{[%emt 0:00:15]} 28. Rc1 {[%emt 0:00:04]} Nd4 {[%emt 0:00:10]} 29. Re1 1/2-1/2

[Event "Tata Steel-A 80th"]
[Site "Wijk aan Zee"]
[Date "2018.01.13"]
[Round "1"]
[White "Svidler, Peter"]
[Black "Adhiban, Baskaran"]
[Result "1/2-1/2"]
[WhiteElo "2768"]
[BlackElo "2655"]
[Annotator "Adhiban,B"]
[PlyCount "65"]
[EventDate "2018.01.13"]
[EventType "tourn"]
[EventRounds "13"]
[EventCountry "NED"]
[EventCategory "20"]
[SourceTitle "CBM 183"]
[Source "ChessBase"]
[SourceDate "2018.03.14"]
[SourceVersion "1"]
[SourceVersionDate "2018.03.14"]
[SourceQuality "1"]

1. e4 c6 $5 {Finally the Caro makes its return...} 2. d4 d5 3. e5 Bf5 4. Nf3 e6
5. Be2 Ne7 ({Svidler-Jobs 2015 continued} 5... Nd7 6. O-O f6 $5 {An
enterprising line which worked well in this game.} 7. c4 fxe5 8. dxe5 Bc5 {
ended in a nice victory for Black.}) ({Another popular option is} 5... c5 6.
Be3 Qb6 7. Nc3 Nc6 8. O-O Qxb2 9. Qe1 cxd4 10. Bxd4 Nxd4 11. Nxd4 Bb4 12. Rb1 (
12. Ndb5 Ba5 (12... Bxc3 13. Nxc3 {has scored 100% for White, (the original
game being Karjakin-Azarov 2010)}) 13. Rb1 Qxc2 14. Rc1 Qb2 15. g4 $5 {was the
move which stunned the whole world} Bg6 16. f4 Be4 17. Rf2 Kf8 $5 {is the way
to hold. (Azarov-Shimanov 2017)} (17... Nh6 18. Bd3 Qb4 19. Rb1 Qc5 20. Nxe4
dxe4 21. Qxa5 O-O 22. Be2 {ended in a spectacular victory for White in 
(Fabi-MVL Sinquefield cup 2014) which kickstarted his legendary 7 wins streak
yet to be matched...})) 12... Bxc3 13. Rxb2 Bxe1 14. Rxe1 b6 15. Bb5+ Kf8 16.
Nxf5 exf5 17. Rb3 Rc8 $5 {is the improvement which is holding this line for
black.} (17... Ne7 18. Rc3 Rc8 (18... a6 19. Bd7 $1) 19. Rxc8+ Nxc8 20. Rd1 Ne7
21. f4 {(Svidler-Postny 2011) White won.})) 6. O-O h6 (6... Bg6 7. c3 h6 8. a4
Nd7 9. Nbd2 c5 {(Svidler-Riazantsev RUS ch 2016) Black equalised.}) (6... c5 7.
c4 dxc4 8. Na3 Nec6 9. Bg5 Be7 10. Bxe7 Qxe7 11. Nxc4 {(Svidler-Seirawan 2015)}
) 7. Nbd2 Bh7 8. Nb3 Nd7 9. a4 g5 $5 {It is time...as all the preliminary
preparations have been made.} 10. a5 a6 11. c3 Nf5 12. Bd3 g4 $5 {This felt
very natural.} (12... c5 {is premature:} 13. Nxc5 Nxc5 14. dxc5 Bxc5 15. Nd4
$14) 13. Ne1 h5 {Only here I noticed the possibility of 17.Nd4!} 14. Nc2 c5 (
14... f6 $5 {would have been a much more fun option!}) 15. Nxc5 Nxc5 {This
looked like the right way.} ({The computer's preference is} 15... Bxc5 16. dxc5
Nxc5 (16... Nxe5 17. Bxf5 Bxf5 18. Nd4 (18. Ne3 Be4) (18. Qd4 f6) 18... Be4 19.
Bf4 Nd3 20. Bd6 Nxb2 21. Qb3 Nc4 22. Qxb7 Nxd6 23. cxd6 O-O 24. d7 Rb8 25. Qa7
{with a funny draw.}) 17. Bxf5 Bxf5 18. Nd4 Be4 $132 {Black looks solid.} (
18... Bg6)) 16. dxc5 Bxc5 17. Nd4 Bxd4 (17... Qd7 18. Nxf5 Bxf5 19. Bxf5 exf5
20. Bg5 $1 {Only If I get 0-0-0 in time, then I have a good position.}) 18.
cxd4 Rc8 {I decided to delay the ...Nh4 option for the time being.} (18... Nh4
$5) 19. Ra3 (19. Ra4 $5 {looked more natural as the Rb4-Qb3 combo could be
nasty.}) 19... Rc7 {Preventing Rb3.} (19... Nxd4 {was my original trap :).} 20.
Bxh7 Rxc1 21. Qa4+ Rc6 (21... Qd7 22. Rxc1 Ne2+ 23. Kf1 Nxc1 24. Bc2 {[%csl
Rc1]}) 22. Bd3 $1 {The knight is caught.} Nf5 23. Bxf5 exf5 {looked preferable
for White.}) (19... Nh4 {was probably the best moment to play this ...Nh4 plan.
}) 20. Bf4 $1 {I underestimated this move and now I had to go for ...Nh4 under
much less favourable circumstances.} Nh4 {Good or bad this was the way!} (20...
Kd7 $5 {was a funny alternative, but I felt then I might never be able to
achieve ...Nh4 later on.} 21. Qa4+ Kc8 22. Rc1 $16) 21. Qd2 ({I was more
concerned about} 21. Bxh7 $5 Rxh7 {Since now my rook is seriously misplaced
and it might take a while before I am able to coordinate it.} 22. Qd3 Nf5 23.
Rc3 Rxc3 24. Qxc3 {looked really nasty.} Kd7 25. Rc1 Rh8 26. Qb4) 21... Bxd3
22. Bg5 {Although nice, I felt this gave me some tempi to stabilise the
queenside.} (22. Rxd3 Nf5 23. Rc1 $5 Rxc1+ 24. Qxc1 Qxa5 {and Black is fine.})
22... Qc8 (22... Qd7 23. Qxd3 (23. Rxd3 Nf5 24. Rc3 Rxc3 25. Qxc3 Qc6) 23...
Nf5 24. Rc3 $5 Rxc3 25. bxc3 {I felt I wasn't in time.} Qc7 26. Rb1 Kd7 {
but maybe not :).}) 23. Rxd3 Nf5 24. Qb4 Kd7 (24... Rc4 $1 25. Rc3 Qc6 $5 {
I noticed this option only later on.} 26. Rxc4 Qxc4 27. Qxb7 O-O $1 {This is
what I had missed.}) (24... Rg8 $5 25. Bf6 Kd7 {was the right execution,
preventing some options for White.}) 25. Qa4+ Rc6 26. Rc1 Rg8 $1 {[%csl Ga6,
Gb7,Gc6,Gc8,Gd5,Gd7,Ge6,Gf5,Gf7,Gg4,Gg8,Gh5] Forcing White to make an
important decision. An historic moment, I felt like Karpov when I noticed that
I had placed all my pieces on the light squares!!} 27. Bf6 ({Another option was
} 27. Bd2 $5 {During the game I felt this was stronger.} Qc7 28. Bb4 (28. Rdc3
Rc8 29. Rc5 Ke8) 28... Rc8 {although the computer gives advantage to White,
it's not entirely clear how to make use of it.} (28... b5 29. axb6 Qxb6 30. Rc5
)) 27... Qc7 28. g3 Rc8 {I couldn't find anything wrong with this and hence I
went for it.} (28... h4 {with the idea ...Qxa5 :) but White just takes} 29.
gxh4) (28... b5 $5 {was very tempting.} 29. axb6 Qxb6 30. Rb3 (30. Rc5 Nxd4 {
I missed this move.}) 30... Qb5 $1 {was the stunning point.} 31. Rxb5 Rxc1+ 32.
Kg2 axb5 33. Qxb5+ Rc6 34. Qb7+ Rc7 35. Qb5+ Kc8 $5 36. b4 {White shouldn't be
doing worse here.}) 29. Rc5 {First look gives the impression that White is
doing well and that it is not easy for Black to untangle...} (29. Rdc3 b5 30.
axb6 (30. Rxc6 bxa4) 30... Qxb6 {[%csl Rd4] White is slowing getting worse.})
29... Ke8 $1 {Followed by ...Qd7 as simple as that :).} 30. b4 Qd7 {[%csl Ga6,
Gb7,Gc6,Gc8,Gd5,Gd7,Ge6,Ge8,Gf5,Gf7,Gg4,Gh5] Once again!! All my pieces on
light squares! Twice in the same game is a fantastic achievement!} 31. Qd1 $5 {
Svidler decided to go for damage control.} Rxc5 32. bxc5 (32. dxc5 Qb5 $17)
32... Qb5 33. h3 $1 {Here he offered a draw and after some thought I agreed.} (
33. h3 Qxa5 (33... gxh3 34. Kh2 {looked very unclear.}) (33... Qc4 34. hxg4
hxg4 35. Kg2 Kd7 $11) 34. hxg4 hxg4 35. Qxg4 Qe1+ 36. Kg2 Qe4+ 37. Qxe4 dxe4
38. Rb3 Rc7 39. Rb4 {with a really funny endgame.} e3 40. Kf3 $1 {...Ne3 can't
be allowed.} exf2 41. Kxf2 {It is almost like mutual zugzwang.}) 1/2-1/2

[Event "Tata Steel-A 80th"]
[Site "Wijk aan Zee"]
[Date "2018.01.14"]
[Round "2"]
[White "Adhiban, Baskaran"]
[Black "Carlsen, Magnus"]
[Result "0-1"]
[WhiteElo "2655"]
[BlackElo "2834"]
[Annotator "Fernandez,D"]
[PlyCount "72"]
[EventDate "2018.01.13"]
[EventType "tourn"]
[EventRounds "13"]
[EventCountry "NED"]
[EventCategory "20"]
[SourceTitle "CBM 183"]
[Source "ChessBase"]
[SourceDate "2018.03.14"]
[SourceVersion "1"]
[SourceVersionDate "2018.03.14"]
[SourceQuality "1"]

1. e4 {[%emt 0:00:07]} e5 {[%emt 0:00:10]} 2. Nf3 {[%emt 0:00:39]} Nc6 {
[%emt 0:00:09]} 3. Nc3 {[%emt 0:00:51]} Nf6 {[%emt 0:00:25]} 4. d4 {[%emt 0:00:
07]} exd4 {[%emt 0:00:22]} 5. Nxd4 {[%emt 0:00:05]} Bb4 {[%emt 0:00:19]} 6.
Nxc6 {[%emt 0:00:13]} bxc6 {[%emt 0:00:03]} 7. Bd3 {[%emt 0:00:16]} d5 {
[%emt 0:01:36]} 8. exd5 {[%emt 0:00:15]} O-O {[%emt 0:00:10]} 9. O-O {[%emt 0:
00:03]} cxd5 {[%emt 0:00:07]} 10. Bg5 {[%emt 0:01:31]} c6 {[%emt 0:00:14]} 11.
Qf3 {[%emt 0:00:39] It is interesting how these things change. In 2008 this
line was taught to me from the White side by Ukrainian-Israeli GM Boris
Alterman; shortly after becoming an IM (in 2011) I viewed it as primarily a
drawing weapon and now I think it's just a way to get a long and strategically
messy game which the better player will probably win. That is in fact what
occurred.} Bd6 {[%emt 0:02:48]} (11... Rb8 12. h3 {probably brings White a
little bit closer to his dream of Na4, b3, c4, Bf4 and Rad1.}) (11... Be7 {
is more played and is most solid, but the doubled f-pawns are not something to
get that scared about.}) 12. Rae1 {[%emt 0:01:50] Possibly preparation, but in
any case quite logical to take the e5-square from Black's bishop.} (12. h3 {
is main, and now a tactic worth knowing is} Rb8 13. b3 Be5 14. Bf4 $5 {
although it doesn't necessarily promise White anything after} Bxc3 15. Bxb8
Bxa1 16. Rxa1 Bg4 17. hxg4 Qxb8 $11 {Morozevich,A-Kramnik,V Moscow 2013.
However, we were not destined to see another bishop-vs-
knight-and-solid-d5-centre draw this round.}) 12... Rb8 {[%emt 0:06:40]} 13. b3
{[%emt 0:02:24] Keeping equality.} (13. Na4 h6 $1 $15) 13... a5 {[%emt 0:13:26]
} (13... Bb4 {tries to take advantage of White's tactically vulnerable pieces.
There could follow:} 14. Qg3 Bd7 {and I assume Carlsen saw this and steered
clear due to the drawing line} 15. Qh4 $1 h6 16. Bxh6 $11) 14. h3 {[%emt 0:05:
11]} h6 {[%emt 0:05:20]} 15. Bxf6 {[%emt 0:00:12]} Qxf6 {[%emt 0:00:03]} 16.
Qxf6 {[%emt 0:00:07]} gxf6 {[%emt 0:00:19]} 17. Ne2 {[%emt 0:00:07]} c5 {
[%emt 0:08:27]} 18. Ng3 {[%emt 0:02:40]} Rd8 {[%emt 0:00:40]} 19. Nf5 {[%emt 0:
02:17] So White has emerged with a marginally more comfortable position from
the opening, but Black isn't giving up on trying to win just yet.} Bf8 $1 {
[%emt 0:03:03] Bishops of the same colour always offer more imbalance, and in
this case White needs to be concerned about the ...c4 push too.} (19... Bxf5
20. Bxf5 a4 21. g3 axb3 22. axb3 Be5 $11 {would be a reasonably solid way to
make a draw.}) 20. Ne7+ {[%emt 0:14:20]} Bxe7 {[%emt 0:00:03]} 21. Rxe7 {
[%emt 0:00:06]} Be6 {[%emt 0:01:18]} 22. Rd1 {[%emt 0:06:01]} (22. Ra7 $1 {
As always, White should exchange precisely one pair of rooks, and this poses
Black some significant problems.} Ra8 (22... c4 23. Be2 {is inconvenient for
Black as he doesn't obtain enough in the event of ...c4, but} Ra8 {is also bad:
} 24. Rxa8 Rxa8 25. f4 $14) 23. Rxa8 Rxa8 24. f4 (24. g4 h5 $11) 24... f5 $1 (
24... Kf8 25. Kf2 Ke7 26. g4 $14 {leads to the same problem as in Giri-Hou
yesterday, and a Rubinstein game about 100 years ago: the isolated rook's pawn
is often a major weakness.}) 25. g4 fxg4 26. f5 Bd7 27. hxg4 Re8 $11) 22... c4
{[%emt 0:09:45]} 23. Be2 {[%emt 0:20:23]} a4 {[%emt 0:00:23] Now Black is
having some fun: possibly Adhiban missed from afar that ...Rxc2 can pin a
bishop to a c7-rook a few moves into certain lines.} 24. bxa4 {[%emt 0:01:35]}
Bf5 $6 {[%emt 0:03:32] Either an inaccuracy or a slight gamble. Either way, it
makes the game look a bit less 'smooth' given that it is a win in the end, but
also increased the likelihood of that being the result.} (24... Kf8 25. Rc7 Rb2
$132 {was for instance one reasonable continuation for Black.}) 25. Bf3 $2 {
[%emt 0:20:41] Missing the accidental chance.} (25. c3 $1 Ra8 (25... d4 26.
Bxc4 dxc3 27. Rxd8+ Rxd8 28. Bb3 $14) 26. Rc7 $1 {The point is that White can
use the pin on the d-file, and for this reason Black is unable to take on a4.
For instance:} Be6 27. f4 f5 28. Rd2 $14) 25... d4 $1 $15 {[%emt 0:01:40]} 26.
a5 $2 {[%emt 0:08:52]} (26. Re2 Rb2 27. Red2 {is the engine suggestion but
following} d3 $5 {it is also a bit depressing, e.g.} 28. cxd3 (28. c3 Rb6 29.
a5 Ra6 $15) 28... c3 29. Rxb2 cxb2 30. Rb1 Rb8 31. Be4 Be6 32. a5 Bxa2 33. Rxb2
Rxb2 34. a6 Rb1+ 35. Kh2 Ra1 36. a7 Bd5 37. Bxd5 Rxa7 $15 {and the endgame
should be held, especially at this level: bishop goes to f5 and is supported
by g4, for instance, but it requires a certain appetite for suffering to go in
for this.}) 26... Bxc2 $19 {[%emt 0:01:45]} 27. Rc1 {[%emt 0:00:36]} Rb1 {
[%emt 0:06:42]} 28. Rxb1 {[%emt 0:09:46]} Bxb1 {[%emt 0:00:03]} 29. Rc7 {
[%emt 0:03:43]} c3 {[%emt 0:00:49] The engine takes a while to realise, but
White is toast.} 30. Bd1 {[%emt 0:02:52]} (30. Kf1 Re8 {snares the a5-pawn in
a reasonably funny way.}) 30... Ra8 {[%emt 0:02:33]} 31. Rc5 {[%emt 0:00:56]}
Bxa2 {[%emt 0:00:47]} 32. Bc2 {[%emt 0:00:16]} Be6 {[%emt 0:01:47]} 33. Kf1 {
[%emt 0:02:06]} Rc8 {[%emt 0:00:59]} 34. Rxc8+ {[%emt 0:00:10]} Bxc8 {[%emt 0:
00:02]} 35. Ke2 {[%emt 0:03:28]} Ba6+ {[%emt 0:00:03]} 36. Kf3 {[%emt 0:00:11]}
d3 {[%emt 0:00:19] A very well played game!} 0-1